=LDR 00000nam 2200000 4500 =001 INLIS000000000019014 =005 20210312020903 =035 ##$$a 0010-061300000019014 =008 210312################g##########0#ind## =041 ##$$a Ind =082 ##$$a 304.2 =090 ##$$a 304.2, Mem t =245 ##$$a Teori-teori kependudukan /$c Peanerjemah, Drs. rozi munir, Drs budiarto =260 ##$$a 1986 :$b Bina aksara,$c 1986 =300 ##$$a x, 128 hlm ; $c 12 x 21 cm. =650 #4$$a Ekologi Manusia =850 ##$$a NBPNMAT =084 ##$$a 304.2 TEO =250 ##$$a Cet. 2 =990 ##$$a 6.486/Pro.91